MARC

LEADER 00000nam0a2200000 4500
001 366269
005 20231102011851.0
035 |a (RuTPU)RU\TPU\retro\23632 
090 |a 366269 
100 |a 20220203d1978 m y0rusy50 ca 
101 0 |a rus 
102 |a RU 
105 |a a j 001zy 
200 1 |a Механическая прочность и структура металлов  |e учебное пособие  |f В. А. Жуков  |g Ленинградский политехнический институт им. М. И. Калинина 
210 |a Ленинград  |c [Б. и.]  |d 1978 
215 |a 76 с.  |c ил. 
320 |a Библиогр.: с. 74 
606 1 |a Металлы  |x Прочность  |2 stltpush  |3 (RuTPU)RU\TPU\subj\43177  |9 62733 
606 1 |a Металлы  |x Структура  |2 stltpush  |3 (RuTPU)RU\TPU\subj\43044 
610 1 |a статическая прочность 
610 1 |a механическая прочность 
610 1 |a однократное нагружение 
610 1 |a деформирование 
610 1 |a разрушение 
610 1 |a жаропрочность 
610 1 |a усталость 
610 1 |a учебные пособия 
675 |a 669:539.4(075.8)  |v 4 
675 |a 669:539.2(075.8)  |v 4 
700 1 |a Жуков  |b В. А.  |g Владимир Андреевич 
712 0 2 |a Ленинградский политехнический институт им. М. И. Калинина  |c (1924-1930, 1940-1990)  |2 stltpush  |3 (RuTPU)RU\TPU\col\2601  |9 23711 
801 1 |a RU  |b 63413507  |c 20220203 
942 |c BK